000 00941cam a22003017a 4500
003 CHAP
005 20220329141602.0
008 971013s1981 r 00010 d
010 _a70528
011 _a71500
035 _a81054
040 _cCHAP
082 _a581.13342
_bC43
100 0 0 _aCharles-Edwards, David A.
_921974
245 1 4 _aThe mathematics of photosynthesis and productivity
260 _aLondon :
_bAcademic Press,
_c1981
300 _a127 p.
490 0 _aExperimental botany
590 _aBATCH-UPD
_b10
_c20130110
_lUCH01
_h2130
590 _aBATCH-UPD
_b10
_c20130410
_lUCH01
_h1440
590 _aBATCH-UPD
_b10
_c20130914
_lUCH01
_h0919
590 _aCONVERSION
_b10
_c20130109
_lUCH01
_h1339
650 1 4 _aFotosíntesis
_xModelos matemáticos.
_942740
830 0 _aExperimental botany
_939063
901 _aBK
942 _cLIBRO
949 _a581.13342 C43
_bBC
_cLIBRO
_d33724000512802
_eLIBRO
_h58656
_i81054
_si
_t297.00
999 _c70528
_d70528